00689nam a22002057a 450000500170000001000130001702000220003003500130005203700160006504000120008108200160009310000180010924500950012726000340022227000460025630000230030250000420032565000580036765000580042520170124110040.0 aA-943633 c00.00a8186921028 aA-943633 bCen Lib/Ret aDPLbEN a883.08bSIN aSinha, Manasi aJourney from innocence to experience :cby Manasi Sinhabwritings of F. Scott Fitzgerald / c1998aNew DelhibDecent Books bNew DelhiaD-36-A/1, Mohan Gardene110059 axi,173p.c22cm(Hb) aIncludes bibliographical references  aFitzgerald, F. Scott -- (Francis Scott), -- 1896-1940 aFitzgerald, F. Scott -- (Francis Scott), -- 1896-1940